00673nam a2200205 4500003001100000005001700011008004100028020001500069040003900084041000800123082001600131100002900147245008900176260004300265300002500308650002200333650002900355650003600384650004700420LK-CoMWRAF20231013124925.0230924b |||||||| |||| 00| 0 eng d a0815624840 aLK-CoMWRAFdLK-CoMWRAFeLK-CoMWRAF aeng a340.59bANN aAn-Na'im Abdullahi Ahmed aToward an Islamic reformation :bCivil liberties, Human rights and international Law aNew York :bSyracuse University,c1990 axvi, 253 p. ; 24 cm. aIslamic law  aPublic law (Islamic law) aInternational law (Islamic law) aHuman rights -- Religious aspects -- Islam